| 000 | 01859nam a2200421Ii 4500 | ||
|---|---|---|---|
| 001 | DIGECIJG0003 | ||
| 003 | NyNyDIG | ||
| 006 | m o d | ||
| 007 | cr ||||||||||| | ||
| 008 | 230912s2019 ck a o 000 0 spa d | ||
| 035 | _a(OCoLC)1398180673 | ||
| 040 |
_aDGITA _beng _erda _epn _cDGITA |
||
| 020 | _z9789588726342 | ||
| 050 | 1 | 4 | _aQA76.6 ebook |
| 100 | 1 |
_aSalazar Perdomo, Patricia, _eauthor. |
|
| 245 | 1 | 0 |
_aAprendiendo a programar a partir de cero / _cPatricia Salazar Perdomo. |
| 264 | 1 |
_a[Bogotá], Colombia : _bEscuela Colombiana de Ingeniería Julio Garavito Editorial, _c[2019] |
|
| 300 |
_a1 online resource : _bilustraciones. |
||
| 336 |
_atext _btxt _2rdacontent |
||
| 337 |
_acomputer _bc _2rdamedia |
||
| 338 |
_aonline resource _bcr _2rdacarrier |
||
| 347 |
_atext file _2rdaft |
||
| 347 | _bPDF | ||
| 490 | 1 | _aColección de informática | |
| 500 | _a"Más de 150 ejemplos y 450 ejercicios propuestos. Incluye guías para empezar a programar en C o en Python, con ejemplos completos."--Cover. | ||
| 588 | 0 | _aOnline resource; title from PDF title page (Digitalia, viewed September 12, 2023) | |
| 650 | 0 | _aComputer programming. | |
| 650 | 0 | _aProgramming languages (Electronic computers) | |
| 650 | 0 | _aComputer algorithms. | |
| 650 | 0 | _aElectronic data processing. | |
| 791 | 2 |
_aDigitalia (Firm), _edistributor. |
|
| 793 | 0 |
_gDigitalia eBook Collection: _aEscuela Colombiana de Ingeniería Julio Garavito |
|
| 776 | 0 | 8 |
_iPrint version: _aSalazar Perdomo, Patricia. _tAprendiendo a programar a partir de cero. _bPrimera edición. _d[Bogotá], Colombia : Escuela Colombiana de Ingeniería Julio Garavito Editorial, [2019] _z9789588726342 |
| 830 | 0 | _aColección de informática. | |
| 856 | 4 | 0 |
_3Digitalia Hispánica _uhttps://www.digitaliapublishing.com/a/127592/ |
| 910 | _aPremium collection: 2023 | ||
| 942 | _cRAA | ||
| 999 |
_c278751 _d278751 |
||